Le Portugal en 50 images - Statistiques

Statistiques générales
  • Ce quiz a été pris 760 fois
  • Le résultat moyen est 33 sur 50
Statistiques - réponses
Par images Hint Réponse % Correct
Footballeur Cristiano Ronaldo
99%
Capitale Lisbonne
99%
Ex-colonie Brésil
98%
Ville Porto
98%
Vin Porto
98%
Pâtisserie Pastel de nata
95%
Club de football SL Benfica
91%
Poisson adoré Morue
90%
Péninsule Ibérie
87%
Emblème Coq de Barcelos
84%
Club de football FC Porto
83%
Pâtisserie Churro
81%
Ex-colonie Angola
80%
Matériau dont le pays est le premier producteur mondial Liège
80%
Archipel Madère
80%
Marque de bière Sagres
79%
Ville (spot de surf) Nazaré
78%
Ancien dictateur António de Oliveira Salazar
76%
Genre musical Fado
76%
Plat Francesinha
76%
Marque de bière Super Bock
75%
Navigateur Vasco de Gama
75%
Région Algarve
72%
Archipel Açores
71%
Ville Faro
71%
Ancienne monnaie Escudo portugais
68%
Monument Tour de Belem
66%
Mode de transport Tramway de Lisbonne
66%
Art Azulejos
64%
Fleuve Douro
64%
Footballeur Eusébio
64%
Ex-colonie Mozambique
63%
Ville Braga
61%
Navigateur Fernand de Magellan
61%
Footballeur Luís Figo
61%
Ville universitaire au centre du pays Coimbra
58%
Événement Révolution des Œillets
54%
Club de football Sporting CP
47%
Acteur américain d’origine portugaise Tom Hanks
46%
Année (organisation de la Coupe du Monde de foot) 2030
45%
Monument Sanctuaire du Christ-Roi
43%
Catastrophe naturelle Séisme de 1755 à Lisbonne
43%
Chanteuse luso-belge Lio
36%
Fleuve Tage
35%
Type de navire Caravelle
33%
Place lisboète Praça do Comércio
33%
Instrument hawaïen d’origine portugaise Ukulélé
33%
Appareil élévateur Ascenseur
30%
Sport ultra populaire Rink hockey
12%
Explorateur Bartolomeu Dias
9%
Aucun quiz correspondant
Distribution des résultats
% des personnes avec chaque résultat
Percentile par nombre de réponses
Votre historique - résultats
Vous n’avez pas pris ce quiz